| 000 | 00692nam a22002297a 4500 | ||
|---|---|---|---|
| 008 | 131112b xxu||||| |||| 00| 0 eng d | ||
| 020 | _a1852933194 | ||
| 024 | _cAvailable | ||
| 037 | _cAvailable | ||
| 040 |
_aMBSTU LIBRARY _dMBSTU LIBRARY |
||
| 082 |
_222 _a333.91 MH |
||
| 100 | _aMitchell Bruce | ||
| 245 | _aIntegrated water Management | ||
| 260 |
_aLondon _bBelhaven Press _c1990 |
||
| 300 |
_a22.5 cm. _b225 page _f2 _g22.5 cm. |
||
| 600 | _2Water and cands adjoining bodies of water | ||
| 700 | _aMitchell Bruce | ||
| 270 |
_aLondon _bLondon _dUK |
||
| 365 |
_b1762.00 _d1762.00 |
||
| 942 |
_2ddc _cBK |
||
| 999 |
_c833 _d833 |
||